书目信息 |
| 题名: |
饲料添加剂安全应用关键技术
|
|
| 作者: | 聂芙蓉 , 李梦云 主编 | |
| 分册: | ||
| 出版信息: | 郑州 中原农民出版社 2016.9 |
|
| 页数: | 250页 | |
| 开本: | 23cm | |
| 丛书名: | 畜禽产品安全生产综合配套技术丛书 | |
| 单 册: | ||
| 中图分类: | S816.7 | |
| 科图分类: | ||
| 主题词: | 饲料添加剂--基本知识 | |
| 电子资源: | ||
| ISBN: | 978-7-5542-1479-4 | |
| 000 | 01094nam 2200265 450 | |
| 001 | 0400002011 | |
| 005 | 20171019214625.0 | |
| 010 | @a978-7-5542-1479-4@dCNY29.00 | |
| 100 | @a20161008de2016 em y0chiy50 ea | |
| 101 | 0 | @achi |
| 102 | @aCN@b410000 | |
| 105 | @aa z 000yy | |
| 106 | @ar | |
| 200 | 1 | @a饲料添加剂安全应用关键技术@9si liao tian jia ji an quan ying yong guan jian ji shu@f聂芙蓉,李梦云主编 |
| 210 | @a郑州@c中原农民出版社@d2016.9 | |
| 215 | @a250页@c图@d23cm | |
| 225 | 1 | @a畜禽产品安全生产综合配套技术丛书 |
| 330 | @a本书重点介绍了饲料用氨基酸和维生素添加剂、矿物质添加剂、食欲增进剂、抗菌剂、驱虫剂、饲料贮存添加剂和复配型饲料添加剂的生产与应用技术。对每个品种的名称、性能、生产原理、工艺流程、主要原料、主要设备、生产工艺、质量标准、用途、贮运与安全都作了阐述,特别是突出饲料添加剂的安全使用。 | |
| 461 | 0 | @12001 @a畜禽产品安全生产综合配套技术丛书 |
| 606 | 0 | @a饲料添加剂@x基本知识 |
| 690 | @aS816.7@v5 | |
| 701 | 0 | @a聂芙蓉@9nie fu rong@4主编 |
| 701 | 0 | @a李梦云@9li meng yun@4主编 |
| 801 | 0 | @aCN@b91MARC@c20171019 |
| 905 | @b1026156-60@dS816.7@f5@e141 | |
| 饲料添加剂安全应用关键技术/聂芙蓉,李梦云主编.-郑州:中原农民出版社,2016.9 |
| 250页:图;23cm.-(畜禽产品安全生产综合配套技术丛书) |
| ISBN 978-7-5542-1479-4:CNY29.00 |
| 本书重点介绍了饲料用氨基酸和维生素添加剂、矿物质添加剂、食欲增进剂、抗菌剂、驱虫剂、饲料贮存添加剂和复配型饲料添加剂的生产与应用技术。对每个品种的名称、性能、生产原理、工艺流程、主要原料、主要设备、生产工艺、质量标准、用途、贮运与安全都作了阐述,特别是突出饲料添加剂的安全使用。 |
| ● |
| 相关链接 |
|
|
|
|
正题名:饲料添加剂安全应用关键技术
索取号:S816.7/141
 
预约/预借
| 序号 | 登录号 | 条形码 | 馆藏地/架位号 | 状态 | 备注 |
| 1 | 1026156 | 210261562 | 第二样本阅览室/ [索取号:S816.7/141] | 在馆 | |
| 2 | 1026157 | 210261571 | 密集书库-生命科学系/ [索取号:S816.7/141] | 在馆 | |
| 3 | 1026158 | 210261580 | 第三借阅区/ [索取号:S816.7/141] | 在馆 | |
| 4 | 1026159 | 210261599 | 第三借阅区/ [索取号:S816.7/141] | 在馆 | |
| 5 | 1026160 | 210261606 | 第三借阅区/ [索取号:S816.7/141] | 在馆 |